Diseño simplificado de estructuras de madera

Bibliographic Details
Main Author: Parker, Harry
Format: Section = Libro
Language:Undetermined
Spanish
Published: México Limusa 2006
Edition:2a.ed.
Subjects:
LEADER 00659nam a2200229Ia 4500
008 240829s9999 xx 000 0 und d
020 |a 968-18-5071-8 
040 |a BIBLIOTECA-RUPAP 624.184 P238 
041 |a spa 
082 |a 624.184 P238 
100 1 |a Parker, Harry  
245 1 0 |a Diseño simplificado de estructuras de madera 
250 |a 2a.ed. 
260 |a México  |b Limusa  |c 2006 
300 |a 338 p. :il. 
650 7 |a MADERA Y MADERA LAMINADA - ESTRUCTURA 
650 7 |b  USOS ESTRUCTURALES DE LA MADERA 
650 7 |c  COLUMNAS DE MADERA 
650 7 |d  ARAMDURAS. I. Ambrose, James, coaut. II. Tít. 
942 |c BK  |2 ddc 
991 |a TEXTO 
999 |c 8394